| 000 | 01786nam a22004817a 4500 | ||
|---|---|---|---|
| 001 | 000094739 | ||
| 003 | CHAP | ||
| 005 | 20220329143041.0 | ||
| 008 | 051024d2005 mx d r 00110 spa d | ||
| 010 | _a91205 | ||
| 011 | _a92177 | ||
| 035 | _a102740 | ||
| 040 | _cCHAP | ||
| 090 | _aTesis | ||
| 100 | 0 | 0 |
_aGalán Ramírez, Lizbeth. _944479 |
| 245 | 1 | 0 |
_aEfecto de la temperatura y tamaño de semilla en la germinación y vigor en jamaica (Hibiscus sabdariffa L.) / _c/por Lizbeth Galán Ramírez. |
| 260 |
_aChapingo, Méx. : _bEl autor, _c2005. |
||
| 300 |
_a40 h. : _bcuadros. |
||
| 502 | _aTesis (Ing. Agr. Esp. en Fitotecnia) -- UACH. Departamento de Fitotecnia | ||
| 590 |
_aALEPH _b10 _c20130110 _lUCH01 _h1507 |
||
| 590 |
_aBATCH-UPD _b10 _c20130110 _lUCH01 _h0446 |
||
| 590 |
_aBATCH-UPD _b10 _c20130410 _lUCH01 _h0122 |
||
| 590 |
_aBATCH-UPD _b10 _c20130410 _lUCH01 _h1620 |
||
| 590 |
_aBATCH-UPD _b10 _c20130914 _lUCH01 _h0824 |
||
| 590 |
_aBATCH-UPD _b10 _c20140324 _lUCH01 _h1452 |
||
| 590 |
_aBATCH-UPD _b10 _c20141002 _lUCH01 _h0827 |
||
| 590 |
_aCONVERSION _b10 _c20130109 _lUCH01 _h1350 |
||
| 590 |
_aE12093SGE _b10 _c20130611 _lUCH01 _h1027 |
||
| 650 | 1 | 4 |
_aCalor _xEfecto en semillas. _917575 |
| 650 | 1 | 4 |
_aHibiscus. _955140 |
| 650 | 1 | 4 |
_aJamaica _xGerminación. _960995 |
| 650 | 1 | 4 |
_aJamaica _xSemilla. _961002 |
| 650 | 1 | 4 |
_aSemillas _xGerminación. _9103903 |
| 650 | 1 | 4 |
_aSemillas _xVigor. _9103934 |
| 650 | 1 | 4 |
_aTemperatura _xEfecto en plantas. _9112219 |
| 856 |
_3Finding aid _uhttp://10.13.5.2/tesis/102740.pdf _zTeclea aquí |
||
| 901 | _aBK | ||
| 905 | _aMarco A. Mendoza T. | ||
| 942 | _cCD | ||
| 942 | _n0 | ||
| 949 |
_aTesis _bBC _cTES _d1027401 _eTS1 _gDonaciØn _h44223 _i102740 _sb |
||
| 949 |
_aTesis _bBC _cTES _d33724000965448 _eTS2 _fc.2 _gDonaciØn _h44224 _i102740 _sb |
||
| 999 |
_c91205 _d91205 |
||